Zeeshan Eating Contestants - Statistics

Statistiche generali
  • Questo quiz è stato fatto 8 volte
  • Il punteggio medio è 9 su 17
Statistiche sulle risposte
Risposta % Corretto
Mr Greedy
100%
Biggie
83%
Little Biggie
83%
Muzamil
83%
Cool Boy
67%
Daniel
67%
Kaku
67%
Ali
50%
Atta
50%
Hasnan
50%
Omar
50%
Sabir
50%
Salu
50%
Azam
33%
Gillu
33%
Jerdi
17%
Hassan
0%
Nessun quiz corrispondente trovato
Distribuzione punteggi
Percentuale di utenti per punteggio
Percentile per numero di risposta
I tuoi punteggi nel tempo
Non hai fatto questo quiz